| 000 | 00431cam a2200181ua 4500 | ||
|---|---|---|---|
| 001 | 9028 | ||
| 008 | 150220n ii |||gr||||Z||||||asm | ||
| 040 | _cMAIN | ||
| 041 | _aasm | ||
| 082 | _a294.5 | ||
| 100 |
_aLekharu, U., _eEditor. |
||
| 245 | 1 |
_aKotha-gurucharit _cEdited by Umeshchandra Lekharu |
|
| 250 | _a1st. | ||
| 260 |
_aGuwahati: _bDutta, _c1987. |
||
| 300 | _a652p. | ||
| 653 | _aReligions ofIndic origin | ||
| 942 | _cBK | ||
| 999 |
_c8118 _d8118 |
||